000 00859nam a22002412 4500
001 0000024528
005 20151217152303.0
008 131220s xx 000 0 eng d
020 _a0199604555 :
040 _aKABU
_cKABU
245 1 0 _aWar by contract :
_bhuman rights, humanitarian law, and private practice /
_cedited by Francesco Francioni and Natalino Ronzitti.
250 _a1st ed.
260 _aOxford :
_bO. U. P.,
_c2011.
300 _axliv, 532 p.
650 0 _aMercenary troops (International law)
_@0000184773
650 0 _aPrivate military companies (International law)
_@0000184774
650 0 _aHumanitarian law.
_@0000181546
700 1 _aFrancioni, Francesco.
_@0000183090
700 1 _aRonzitti, Natalino.
_@0000184775
852 1 _9p12825 KES
908 _a131220
950 _@1
999 _c10321
_d10321